| 000 | 00988nam a2200265Ia 4500 | ||
|---|---|---|---|
| 003 | OSt | ||
| 005 | 20221005105417.0 | ||
| 006 | a|||||r|||| 00| 0 | ||
| 007 | ta | ||
| 008 | 221004b |||||||| |||| 00| 0 hin d | ||
| 024 | _a74153 | ||
| 037 | _cTextual | ||
| 040 |
_aCRL _cCRL _bhin |
||
| 041 |
_2hin _ahin |
||
| 082 | _aV2:51, 152L2 | ||
| 100 | _aबिपनचंद्र | ||
| 245 | 0 | _aस्वतंत्रता संग्रम, अनु0 रामसेवक श्रीवास्तव | |
| 246 | _aSvatantratā sangrama, anu0 rāmasevak shrīvāstava | ||
| 260 |
_aनई दिल्ली _bनेशनल बुक ट्रस्ट भारत _c1972 |
||
| 300 |
_a223पृ0 _ccm. |
||
| 650 | _aविश्व-इतिहास | ||
| 700 | _a त्रिपाठी, अमलेश | ||
| 942 |
_hV2:51, 152L2 _cTEXL _2cc |
||
| 999 |
_c1015736 _d1015736 |
||